00229nam a2200097Ia 4500008004100000041000800041082001200049100001600061245004500077260000900122240625s9999 xx 000 0 und d aeng a657 COO aCOOMBS HUGH aMANAGEMENT ACCOUNTING PRINCIPLES AND APP c2007